| 000 | 00674nam a2200301Ia 4500 | ||
|---|---|---|---|
| 005 | 20260401122237.0 | ||
| 008 | 008 250103s9999 xx 000 0 eng d | ||
| 020 | _a300097182 | ||
| 037 | _aTB | ||
| 040 | _aEDL | ||
| 040 | _beng | ||
| 040 | _cEDL | ||
| 041 | _2eng | ||
| 041 | _aeng | ||
| 084 | _a940.28 BUR | ||
| 084 | _qEDL | ||
| 100 |
_aBurrow, J.W. _91233013 |
||
| 245 | 0 | _aCrisis of Reason European Thought, 1848-1914 | |
| 245 | 0 | _cBurrow, J.W. | |
| 260 | _aNew Haven | ||
| 260 | _bYale University Press | ||
| 260 | _c2000 | ||
| 300 | _a271p | ||
| 942 | _cTB | ||
| 942 | _h940.28 BUR | ||
| 999 |
_c1845912 _d1845912 |
||